00399nam a22000977a 450000500170000000800410001704000130005810000350007124501680010626000270027420250910133706.0250908b |||||||| |||| 00| 0 eng d aKMUcKMU aKabaghe, TemwanieAgroforestry aSocio-Economic Impact of Improved Varieties of Cassava Cuttings on the Livelihood of Small Scale Farmers. A Case of Kanakantampa Chongwe DistrictcKabaghe, Temwani aChinsali:bKMU,c2012.